La pobreza en Chile

Uloženo v:
Podrobná bibliografie
Hlavní autor: Vicencio Eyzaguirre, Felipe (Autor)
Médium: Kniha
Jazyk:španělština
Vydáno: Santiago Instituto de Chile 2007
Edice:Anales del Instituto de Chile. Estudios, 26
Témata:
Tagy: Přidat tag
Žádné tagy, Buďte první, kdo vytvoří štítek k tomuto záznamu!

MARC

LEADER 00000nam a2200000 a 4500
001 UCI7241
003 CL-VaPUC
008 080613e20070000CL |||||||||||||||||spa|d
082 0 4 |a 339.46  |b VIC  |2 21 
100 0 |a Vicencio Eyzaguirre, Felipe  |e author  |9 530410 
245 1 3 |a La pobreza en Chile 
300 |a v 
942 |c BK 
945 |d 20080613 00:00:00  |a jtorresc 
260 |a Santiago  |b Instituto de Chile  |c 2007 
650 0 |a Pobreza  |9 258652 
650 0 |a Política social  |9 257588 
650 0 |a Vivienda  |9 258662 
650 0 |a Desempleo   |9 257579 
650 0 |a Educación  |9 258661 
651 7 |a CHILE  |2 CL-VaPUC  |9 530411 
583 |a last modification  |c 20080613 00:00:00  |k Rodrigo Vera 
490 0 |a Anales del Instituto de Chile. Estudios, 26 
999 |c 330584  |d 330582 
952 |0 0  |1 0  |4 0  |6 339_460000000000000_VIC_2007  |7 0  |8 A  |9 416192  |a FDOPOS  |b FDOPOS  |d 2019-11-22  |h v.1  |i 4449711  |o 339.46 VIC 2007  |p 4449711  |r 2025-01-22  |w 2019-11-22  |y BK  |k MLA 
952 |0 0  |1 0  |4 0  |6 339_460000000000000_VIC_2007  |7 0  |8 A  |9 416193  |a FDOPOS  |b FDOPOS  |d 2019-11-22  |h v.1  |i 4483650  |o 339.46 VIC 2007  |p 4483650  |r 2025-01-22  |w 2019-11-22  |y BK  |k MLA 
952 |0 0  |1 0  |4 0  |6 339_460000000000000_VIC_2007  |7 0  |8 A  |9 416194  |a FDOPOS  |b FDOPOS  |d 2019-11-22  |h v.2  |i 4562356  |o 339.46 VIC 2007  |p 4562356  |r 2025-01-22  |w 2019-11-22  |y BK  |k DLA